00651nam a22001697a 450000500170000001000150001702000260003203500140005803700090007208200120008124500730009325000070016626000490017327001090022230000260033150001240035720240614111718.0 aENG-140605 c375.00a9789354498473 aEN-124137 bDBAD a540210 aPearson IIT Foundation Chemistry 2022/bBy Robert Johnston...[et.al] a10 aNoidabPearson India Education Pvt Ltdc2022 a1st Floor, Berger Tower, Plot No. C-001/2, Sector 16BbNoidae201301mcompanysecretary.india@pearson.com avp.c28cm(pbk)bIndex aA Pathway to Crack JEE Useful for NTSE and Other Olympiad Exams Revised as per the CBSE and NCERT Curriculum Guidelines